<?xml version="1.0" encoding="UTF-8"?>
<collection xmlns="http://www.loc.gov/MARC21/slim">
<record>
  <controlfield tag="001">165189</controlfield>
  <controlfield tag="005">20260219090944.0</controlfield>
  <datafield tag="024" ind1="7" ind2=" ">
    <subfield code="2">doi</subfield>
    <subfield code="a">10.4103/jmp.jmp_156_23</subfield>
  </datafield>
  <datafield tag="024" ind1="8" ind2=" ">
    <subfield code="2">sideral</subfield>
    <subfield code="a">146974</subfield>
  </datafield>
  <datafield tag="037" ind1=" " ind2=" ">
    <subfield code="a">ART-2024-146974</subfield>
  </datafield>
  <datafield tag="041" ind1=" " ind2=" ">
    <subfield code="a">eng</subfield>
  </datafield>
  <datafield tag="100" ind1=" " ind2=" ">
    <subfield code="a">Jiménez-Puertas, Sara</subfield>
  </datafield>
  <datafield tag="245" ind1=" " ind2=" ">
    <subfield code="a">Evaluation of the minimum segment width and fluence smoothing tools for intensity-modulated techniques in Monaco treatment planning system</subfield>
  </datafield>
  <datafield tag="260" ind1=" " ind2=" ">
    <subfield code="c">2024</subfield>
  </datafield>
  <datafield tag="506" ind1="0" ind2=" ">
    <subfield code="a">Access copy available to the general public</subfield>
    <subfield code="f">Unrestricted</subfield>
  </datafield>
  <datafield tag="520" ind1="3" ind2=" ">
    <subfield code="a">Purpose: 
This study aims to minimize monitor units (MUs) of intensity-modulated treatments in the Monaco treatment planning system while preserving plan quality by optimizing the “Minimum Segment Width” (MSW) and “Fluence Smoothing” parameters.
          
Materials and Methods:
We retrospectively analyzed 30 prostate, 30 gynecological, 15 breast cancer, 10 head and neck tumor, 11 radiosurgery, and 10 hypo-fractionated plans. Original prostate plans employed “Fluence Smoothing” = Off and were reoptimized with Low, Medium, and High settings. The remaining pathologies initially used MSW = 0.5 cm and were reoptimized with MSW = 1.0 cm. Plan quality, including total MU, delivery time, and dosimetric constraints, was statistically analyzed with a paired t-test.
          
Results:
Prostate plans exhibited the highest MU variation when changing “Fluence Smoothing” from Off to High (average ΔMU = −5.1%; P &amp;lt; 0.001). However, a High setting may increase overall MU when MSW = 0.5 cm. Gynecological plans changed substantially when MSW increased from 0.5 cm to 1.0 cm (average ΔMU = −29%; P &amp;lt; 0.001). Organs at risk sparing and planning target volumes remained within 1.2% differences. Replanning other pathologies with MSW = 1.0 cm affected breast and head and neck tumor plans (average ΔMU = −168.38, average Δt = −11.74 s, and average ΔMU = −256.56, average Δt = −15.05 s, respectively; all with P &amp;lt; 0.004). Radiosurgery and hypofractioned highly modulated plans did not yield statistically significant results.
          
Conclusions:
In breast, pelvis, head and neck, and prostate plans, starting with MSW = 1.0 cm optimally reduces MU and treatment time without compromising plan quality. MSW has a greater impact on MU than the “Fluence Smoothing” parameter. Plans with high modulation might present divergent behavior, requiring a case-specific analysis with MSW values higher than 0.5 cm.</subfield>
  </datafield>
  <datafield tag="540" ind1=" " ind2=" ">
    <subfield code="9">info:eu-repo/semantics/openAccess</subfield>
    <subfield code="a">by-nc-sa</subfield>
    <subfield code="u">https://creativecommons.org/licenses/by-nc-sa/4.0/deed.es</subfield>
  </datafield>
  <datafield tag="590" ind1=" " ind2=" ">
    <subfield code="a">0.7</subfield>
    <subfield code="b">2024</subfield>
  </datafield>
  <datafield tag="592" ind1=" " ind2=" ">
    <subfield code="a">0.256</subfield>
    <subfield code="b">2024</subfield>
  </datafield>
  <datafield tag="593" ind1=" " ind2=" ">
    <subfield code="a">Radiology, Nuclear Medicine and Imaging</subfield>
    <subfield code="c">2024</subfield>
    <subfield code="d">Q3</subfield>
  </datafield>
  <datafield tag="593" ind1=" " ind2=" ">
    <subfield code="a">Biophysics</subfield>
    <subfield code="c">2024</subfield>
    <subfield code="d">Q4</subfield>
  </datafield>
  <datafield tag="594" ind1=" " ind2=" ">
    <subfield code="a">1.1</subfield>
    <subfield code="b">2024</subfield>
  </datafield>
  <datafield tag="655" ind1=" " ind2="4">
    <subfield code="a">info:eu-repo/semantics/article</subfield>
    <subfield code="v">info:eu-repo/semantics/publishedVersion</subfield>
  </datafield>
  <datafield tag="700" ind1=" " ind2=" ">
    <subfield code="a">González Rodríguez, Andrea</subfield>
  </datafield>
  <datafield tag="700" ind1=" " ind2=" ">
    <subfield code="a">Lozares Cordero, Sergio</subfield>
    <subfield code="u">Universidad de Zaragoza</subfield>
    <subfield code="0">(orcid)0000-0002-1530-5662</subfield>
  </datafield>
  <datafield tag="700" ind1=" " ind2=" ">
    <subfield code="a">González González, Tomás</subfield>
  </datafield>
  <datafield tag="700" ind1=" " ind2=" ">
    <subfield code="a">Díez Chamarro, Javier</subfield>
  </datafield>
  <datafield tag="700" ind1=" " ind2=" ">
    <subfield code="a">Hernández Hernández, Mónica</subfield>
  </datafield>
  <datafield tag="700" ind1=" " ind2=" ">
    <subfield code="a">Castro Moreno, Raquel</subfield>
  </datafield>
  <datafield tag="700" ind1=" " ind2=" ">
    <subfield code="a">Sánchez Casi, Marta</subfield>
  </datafield>
  <datafield tag="700" ind1=" " ind2=" ">
    <subfield code="a">Villa Gazulla, David Carlos</subfield>
  </datafield>
  <datafield tag="700" ind1=" " ind2=" ">
    <subfield code="a">Gandía Martínez, Almudena</subfield>
  </datafield>
  <datafield tag="700" ind1=" " ind2=" ">
    <subfield code="a">Campos Bonel, Arantxa</subfield>
  </datafield>
  <datafield tag="700" ind1=" " ind2=" ">
    <subfield code="a">Puertas Valiño, Maria del Mar</subfield>
  </datafield>
  <datafield tag="700" ind1=" " ind2=" ">
    <subfield code="a">Font Gómez, José Antonio</subfield>
    <subfield code="u">Universidad de Zaragoza</subfield>
    <subfield code="0">(orcid)0000-0003-4732-7409</subfield>
  </datafield>
  <datafield tag="710" ind1="2" ind2=" ">
    <subfield code="1">1011</subfield>
    <subfield code="2">770</subfield>
    <subfield code="a">Universidad de Zaragoza</subfield>
    <subfield code="b">Dpto. Microb.Ped.Radio.Sal.Pú.</subfield>
    <subfield code="c">Área Radiol. y Medicina Física</subfield>
  </datafield>
  <datafield tag="773" ind1=" " ind2=" ">
    <subfield code="g">49, 2 (2024), 250-260</subfield>
    <subfield code="t">Journal of Medical Physics</subfield>
    <subfield code="x">0971-6203</subfield>
  </datafield>
  <datafield tag="856" ind1="4" ind2=" ">
    <subfield code="s">2363777</subfield>
    <subfield code="u">http://zaguan.unizar.es/record/165189/files/texto_completo.pdf</subfield>
    <subfield code="y">Versión publicada</subfield>
  </datafield>
  <datafield tag="856" ind1="4" ind2=" ">
    <subfield code="s">3081924</subfield>
    <subfield code="u">http://zaguan.unizar.es/record/165189/files/texto_completo.jpg?subformat=icon</subfield>
    <subfield code="x">icon</subfield>
    <subfield code="y">Versión publicada</subfield>
  </datafield>
  <datafield tag="909" ind1="C" ind2="O">
    <subfield code="o">oai:zaguan.unizar.es:165189</subfield>
    <subfield code="p">articulos</subfield>
    <subfield code="p">driver</subfield>
  </datafield>
  <datafield tag="951" ind1=" " ind2=" ">
    <subfield code="a">2026-02-19-09:00:58</subfield>
  </datafield>
  <datafield tag="980" ind1=" " ind2=" ">
    <subfield code="a">ARTICLE</subfield>
  </datafield>
</record>
</collection>